|
|
|
|
| LEADER |
02503nam a22003973i 4500 |
| 001 |
EBC6955673 |
| 003 |
MiAaPQ |
| 005 |
20231204023222.0 |
| 006 |
m o d | |
| 007 |
cr cnu|||||||| |
| 008 |
231204s2015 xx o ||||0 ger d |
| 020 |
|
|
|a 9783839404379
|q (electronic bk.)
|
| 020 |
|
|
|z 9783899424379
|
| 035 |
|
|
|a (MiAaPQ)EBC6955673
|
| 035 |
|
|
|a (Au-PeEL)EBL6955673
|
| 035 |
|
|
|a (OCoLC)1049913374
|
| 040 |
|
|
|a MiAaPQ
|b eng
|e rda
|e pn
|c MiAaPQ
|d MiAaPQ
|
| 100 |
1 |
|
|a Geisenhanslüke, Achim.
|
| 245 |
1 |
0 |
|a Unfinished Business :
|b Quentin Tarantinos »Kill Bill« und die offenen Rechnungen der Kulturwissenschaften.
|
| 250 |
|
|
|a 1st ed.
|
| 264 |
|
1 |
|a Bielefeld :
|b transcript,
|c 2015.
|
| 264 |
|
4 |
|c {copy}2015.
|
| 300 |
|
|
|a 1 online resource (188 pages)
|
| 336 |
|
|
|a text
|b txt
|2 rdacontent
|
| 337 |
|
|
|a computer
|b c
|2 rdamedia
|
| 338 |
|
|
|a online resource
|b cr
|2 rdacarrier
|
| 490 |
1 |
|
|a Film
|
| 505 |
0 |
|
|a Cover Unfinished Business -- Inhalt -- Vorwort -- »Revenge is a dish best served cold.«. ›World Cinema‹ und Quentin Tarantinos KILL BILL -- Bell und Bill, Buck und Fuck: Gespaltene Geschlechter und flottierende Signifikanten in Tarantinos KILL BILL -- Wer mit wem abrechnet: Intertextualität in KILL BILL -- KILL BILL, Kleist und Kant oder: »You didn't think it was going to be that easy, did you?« -- Is everything alright in the jungle at last? Irritationen im Dreieck von Genrekonventionen, erwarteten Szenarien von De-Normalisierung und unerwarteten Normalisierungen in KILL BILL -- »Silly Caucasian girl likes to play with samurai swords.« Zur Affektpolitik in Quentin Tarantinos KILL BILL -- Die Liste der Braut. Einige Bemerkungen zur Filmästhetik von Quentin Tarantinos KILL BILL -- Modelle der Traditionsbildung in KILL BILL: Verrat, Mord, Rache -- Kill Kiddo. Superman und die Maske der Mittelmäßigkeit -- Autorinnen und Autoren.
|
| 588 |
|
|
|a Description based on publisher supplied metadata and other sources.
|
| 590 |
|
|
|a Electronic reproduction. Ann Arbor, Michigan : ProQuest Ebook Central, 2023. Available via World Wide Web. Access may be limited to ProQuest Ebook Central affiliated libraries.
|
| 655 |
|
4 |
|a Electronic books.
|
| 700 |
1 |
|
|a Steltz, Christian.
|
| 776 |
0 |
8 |
|i Print version:
|a Geisenhanslüke, Achim
|t Unfinished Business
|d Bielefeld : transcript,c2015
|z 9783899424379
|
| 797 |
2 |
|
|a ProQuest (Firm)
|
| 830 |
|
0 |
|a Film
|
| 856 |
4 |
0 |
|u https://ebookcentral.proquest.com/lib/matrademy/detail.action?docID=6955673
|z Click to View
|